<?xml version="1.0" encoding="UTF-8"?><?xml-stylesheet type="text/xsl" href="static/style.xsl"?><OAI-PMH xmlns="http://www.openarchives.org/OAI/2.0/" xmlns:xsi="http://www.w3.org/2001/XMLSchema-instance" xsi:schemaLocation="http://www.openarchives.org/OAI/2.0/ http://www.openarchives.org/OAI/2.0/OAI-PMH.xsd"><responseDate>2026-04-29T12:22:47Z</responseDate><request verb="GetRecord" identifier="oai:repisalud.isciii.es:20.500.12105/19355" metadataPrefix="marc">https://repisalud.isciii.es/rest/oai/request</request><GetRecord><record><header><identifier>oai:repisalud.isciii.es:20.500.12105/19355</identifier><datestamp>2024-09-27T08:18:11Z</datestamp><setSpec>com_20.500.12105_19604</setSpec><setSpec>com_20.500.12105_2051</setSpec><setSpec>col_20.500.12105_19605</setSpec></header><metadata><record xmlns="http://www.loc.gov/MARC21/slim" xmlns:dcterms="http://purl.org/dc/terms/" xmlns:doc="http://www.lyncode.com/xoai" xmlns:xsi="http://www.w3.org/2001/XMLSchema-instance" xsi:schemaLocation="http://www.loc.gov/MARC21/slim http://www.loc.gov/standards/marcxml/schema/MARC21slim.xsd">
   <leader>00925njm 22002777a 4500</leader>
   <datafield ind2=" " ind1=" " tag="042">
      <subfield code="a">dc</subfield>
   </datafield>
   <datafield ind2=" " ind1=" " tag="720">
      <subfield code="a">Gupta, Aakriti</subfield>
      <subfield code="e">author</subfield>
   </datafield>
   <datafield ind2=" " ind1=" " tag="720">
      <subfield code="a">Barthel, Andrea B</subfield>
      <subfield code="e">author</subfield>
   </datafield>
   <datafield ind2=" " ind1=" " tag="720">
      <subfield code="a">Mahajan, Shiwani</subfield>
      <subfield code="e">author</subfield>
   </datafield>
   <datafield ind2=" " ind1=" " tag="720">
      <subfield code="a">Dreyer, Rachel P</subfield>
      <subfield code="e">author</subfield>
   </datafield>
   <datafield ind2=" " ind1=" " tag="720">
      <subfield code="a">Yaggi, Henry</subfield>
      <subfield code="e">author</subfield>
   </datafield>
   <datafield ind2=" " ind1=" " tag="720">
      <subfield code="a">Bueno, Hector</subfield>
      <subfield code="e">author</subfield>
   </datafield>
   <datafield ind2=" " ind1=" " tag="720">
      <subfield code="a">Lichtman, Judith H</subfield>
      <subfield code="e">author</subfield>
   </datafield>
   <datafield ind2=" " ind1=" " tag="720">
      <subfield code="a">Krumholz, Harlan M</subfield>
      <subfield code="e">author</subfield>
   </datafield>
   <datafield ind2=" " ind1=" " tag="260">
      <subfield code="c">2023-09-19</subfield>
   </datafield>
   <datafield ind2=" " ind1=" " tag="520">
      <subfield code="a">Background Though associations between obstructive sleep apnea (OSA) and cardiovascular outcomes are well described, limited data exist regarding the impact of OSA on sex-specific outcomes after acute myocardial infarction (AMI). Methods and Results The VIRGO (Variation in Recovery: Role of Gender on Outcomes of Young AMI Patients) study enrolled 3572 adults aged 18 to 55 years with AMI from the United States and Spain during 2008 to 2012. We included patients for whom the Berlin Questionnaire for OSA was scored at the time of AMI admission (3141; 2105 women, 1036 men). We examined the sex-specific association between baseline OSA risk with functional outcomes including health status and depressive symptoms at 1 and 12 months after AMI. Among both groups, 49% of patients were at high risk for OSA (1040 women; 509 men), but only 4.7% (148) of patients had a diagnosed history of OSA. Though patients with a high OSA risk reported worse physical and mental health status and depression than low-risk patients in both sexes, the difference in these functional outcomes was wider in women than men. Moreover, women with a high OSA risk had worse health status, depression, and quality of life than high-risk men, both at baseline and at 1 and 12 months after AMI. Conclusions Young women with a high OSA risk have poorer health status and more depressive symptoms than men at the time of AMI, which may place them at higher risk of poorer health outcomes over the year following the AMI. Further, the majority of patients at high risk of OSA are undiagnosed at the time of presentation of AMI.</subfield>
   </datafield>
   <datafield ind1="8" ind2=" " tag="024">
      <subfield code="a">J Am Heart Assoc. 2023 Sep 19;12(18):e027225.</subfield>
   </datafield>
   <datafield ind1="8" ind2=" " tag="024">
      <subfield code="a">10.1161/JAHA.122.027225</subfield>
   </datafield>
   <datafield ind1="8" ind2=" " tag="024">
      <subfield code="a">2047-9980</subfield>
   </datafield>
   <datafield ind1="8" ind2=" " tag="024">
      <subfield code="a">Journal of the American Heart Association</subfield>
   </datafield>
   <datafield ind1="8" ind2=" " tag="024">
      <subfield code="a">37702090</subfield>
   </datafield>
   <datafield ind1="8" ind2=" " tag="024">
      <subfield code="a">http://hdl.handle.net/20.500.12105/19355</subfield>
   </datafield>
   <datafield ind2="0" ind1="0" tag="245">
      <subfield code="a">Sex-Specific Associations of Obstructive Sleep Apnea Risk With Patient Characteristics and Functional Outcomes After Acute Myocardial Infarction: Evidence From the VIRGO Study.</subfield>
   </datafield>
</record></metadata></record></GetRecord></OAI-PMH>